00760 2200253 4500001002100000005001700021008004100038020002400079035002400103040001200127082001200139090001700151100001600168245010700184250001000291260003100301300001900332650002900351700005700380850001200437990001900449990001900468990001900487YOGYA-0411000000198220110425092429.0 ind  a979 - 963 - 729 - 5 0010-041100000001982 aYOPDYOG a297. 57 a297. 57bFik aFikri , Ali aWonderful muslimah /cAli Fikri ; penerjemah M. Zainal Anwar, Arief Budiman ; Penyunting Arif Fahrudin aCet 1 aYogyakartabGarailmuc2009 a209 hlmc20 cm aKehidupan Beragama Islam aAnwar , m . ZainalbBudiman , AriefcFahrudin, Arief aYOPDYOG a51641 - PD/B10 a51640 - PD/B10 a51642 - PD/B10